000 00426nam a2200169Ia 4500
008 230524s9999 xx 000 0 und d
020 _a9788120329973
082 _a621.31042
_bBAN
100 _aM.N. Bandyopadhyay
245 0 _aElectrical Machines : Theory and Practice
250 _a3
260 _aNew Delhi
_bPHI
_c2011
300 _a"1,498p;"
500 _aQuantity Number: 10
650 _aElectrical
942 _cBK
999 _c54561
_d54561